Globálne pôsobiace riziká v životnom poistení

Problémy globálneho rizika dlhovekosti a rizika mortality si vyžaduje mnohostranný a systémový prístup za jasne stanovených podmienok. Je potrebná spolupráca vlády, zamestnávateľov ako aj jednotlivca dotvorená možnosťami poisťovacieho priemyslu.

Salvato in:
Dettagli Bibliografici
Autore principale: Littvová, Zuzana
Natura: Capitolo di libro
Lingua:slovacco
Soggetti:
Tags: Aggiungi Tag
Nessun Tag, puoi essere il primo ad aggiungerne!!

MARC

LEADER 00000nla a2200000 4500
001 0174166
005 20240502072953.4
041 0 |a slo 
044 |a SK 
245 1 0 |a Globálne pôsobiace riziká v životnom poistení  |c Zuzana Littvová 
520 |a Problémy globálneho rizika dlhovekosti a rizika mortality si vyžaduje mnohostranný a systémový prístup za jasne stanovených podmienok. Je potrebná spolupráca vlády, zamestnávateľov ako aj jednotlivca dotvorená možnosťami poisťovacieho priemyslu. 
610 2 0 |a poisťovníctvo 
610 2 0 |a poistenie 
610 2 0 |a poistenie životné 
610 2 0 |a zmluvy poistné 
610 2 0 |a riziko poistné 
610 2 0 |a udalosti poistné 
610 2 0 |a skupiny vekové 
100 1 |a Littvová, Zuzana